| 000 | 00619nam a22002057a 4500 | ||
|---|---|---|---|
| 003 | Nust | ||
| 005 | 20241030132755.0 | ||
| 008 | 170216b xxu||||| |||| 00| 0 eng d | ||
| 038 | _aMr. Zahoor | ||
| 040 | _cNust-MCE | ||
| 082 | _a200 | ||
| 100 |
_aIrshad Muhammad _9126621 |
||
| 245 |
_aManagement of conflict induced internally displaced person / _cMuhammad Irshad |
||
| 260 |
_aRisalpur, _bMCE, _c2015. |
||
| 300 | _a73p. | ||
| 650 | _2MS-Construction Engineering and Management | ||
| 700 | _aSupervisor: Dr. Arshad Ali | ||
| 856 | _u http://10.250.8.41:8080/xmlui/handle/123456789/11817 | ||
| 942 |
_cSC _2ddc |
||
| 999 |
_c232242 _d232242 |
||